Az iróembert nem választják. Kányádi Sándor válaszol Tibori Szabó Zoltán kérdéseire
Elmentve itt :
| Szerző: | |
|---|---|
| Adatforrás: | Meister |
| Forrásdokumentuma: | A Hét. - 42 sz., 1997, 6-7 p. |
| Nyelv: | magyar |
| Kulcsszavak: | irodalomtörténet-interjú oral-history KÁNYÁDI Sándor |
| LEADER | 00473nab a2200145 i 4500 | ||
|---|---|---|---|
| 001 | bibPRO00007257 | ||
| 008 | 060524s1997 xx hun | ||
| 040 | |a Sz1 | ||
| 041 | |a hun | ||
| 100 | 1 | |a TIBORI SZABÓ Zoltán | |
| 245 | 1 | 3 | |a Az iróembert nem választják. Kányádi Sándor válaszol Tibori Szabó Zoltán kérdéseire |c TIBORI SZABÓ Zoltán |
| 695 | |a irodalomtörténet-interjú | ||
| 695 | |a oral-history | ||
| 695 | |a KÁNYÁDI Sándor | ||
| 773 | 0 | |t A Hét. - |g 42 sz., 1997, 6-7 p. | |